01146nam a22001697a 4500003000900000005001700009008004100026040001300067110009200080245019100172260004600363300003900409500028600448650006000734651005000794856013200844BR-ViAPE20260508142702.0260508s1923 por gss|||f001 0 por d cBR-ViAPE aMinistério da Agricultura, Indústria e ComérciobDiretoria Geral de Estatística aRecenseamento do Brasil, realizado em 1 de setembro de 1920: brelação dos proprietários dos estabelecimentos rurais recenseados no Estado do Espírito Santo - Ponte do Itabapoana aRio de JaneirobTyp. da Estatisticac1923 a7 p.bDocumento digitalizado (PDF) aDocumento integrante do Recenseamento do Brasil de 1920, contendo levantamento estatístico e nominal de estabelecimentos rurais do município de Ponte do Itabapoana (ES).aDocumento digitalizado do acervo institucional do Arquivo Público do Estado do Espírito Santo - APEES. aPropriedade ruralxHistóriazPonte do Itabapoana (ES) aMimoso do Sul (ES)zEspírito Santo (Brasil) uhttps://ape.es.gov.br/Media/ape/PDF/Recenseamento/Recenseamento_1920_Ponte_Itabapoana.pdfyCLIQUE AQUI PARA ACESSAR O DOCUMENTO